00598nam a2200169Ia 4500008004100000020001500041041001200056082001100068100001400079245006500093260003500158300000800193650000700201942000700208999001500215952019800230221030s9999 xx 000 0 und d a8131711453 aEnglish a105.23 aS. Keshav 3aAn Engineering Approach to Computer Networkingcby S. Keshav bPearson EdcuationaDelhic2009 a642 aIT cBK c8936d8936 pBE 10539g475.00i168l0o105.23 eDurga Books, Amritsarr2022-10-30 00:00:00w2022-10-30yBK003Print4070aMIETLIBbMIETLIBcBL-Academic Block C, FL-2, CUP-119, SH-4, R-4d2010-03-0810HBE